00492nam a22001577a 450000500170000001000140001702000230003103500130005403700130006708200150008010000230009524501050011826000320022327000460025530000330030120100726162755.0 aENG-97010 a8190618601c350.00 aEN-80543 bDBAD/PUB a791.430954 aRajagopalan, Sudha aLeave disco dancer alone:bIndian cinema and Soviet movie-going after Stalin /cby Sudha Rajagopalan aNew DelhibYoda Pressc2008 aG 93, Connaught CircusbNew Delhie110001 axvi,241p.:bill.c21cm (pbk)